000 00395nam a2200169Ia 4500
001 10955
003 IN-NITTTR
005 20251114233102.0
008 251113s9999||||xx |||||||||||||| ||eng||
040 _beng
040 _cIN-NITTTR
041 _aeng
082 _a683.83 A23H
100 _aAnderson, Edwin P.
245 0 _aHome appliance servicing. /
_cAnderson, Edwin P.
942 _2ddc
_cBK
999 _c13591
_d13591